| 000 | 00337 a2200097 4500 | ||
|---|---|---|---|
| 082 | _a553.05491 AHM | ||
| 100 | _aAhmad, Zaki. | ||
| 245 |
_aMinerals and rocks for industry [vol-1] / _cby Zaki Ahmad, Razi Ahmad Siddiqi. |
||
| 260 |
_aQuetta : _bGeological Survey of Pakistan, _c1992. |
||
| 300 |
_axxiii,325p. : _bill. ; _c25 cm. |
||
| 650 |
_aIndustrial minerals _zPakistan. |
||
| 999 |
_c693 _d693 |
||